| 000 | 01404nam a2200349 i 4500 | ||
|---|---|---|---|
| 001 | 13461 | ||
| 003 | KOSZ 005 | ||
| 005 | 20200630132828.0 | ||
| 008 | 081105s1961 pl a f f 000 0 pol | ||
| 015 | _aPB 1961/3646 | ||
| 040 |
_aWA N _cWA N _dKOSZ 005/RW |
||
| 041 | 1 |
_apol _hrus |
|
| 080 | _a516 | ||
| 100 | 1 |
_aBahvalov, Sergej Vladimirovič _d(1898-1963). |
|
| 245 | 1 | 0 |
_aZbiór zadań z geometrii analitycznej / _cS. W. Bachwałow, P. S. Modenow, A. S. Parchomienko ; [tłumaczenie Maria Moszyńska]. |
| 246 | 1 |
_iTytuł oryginału: _aSbornik zadač po analitičeskoj geometrii. |
|
| 260 |
_aWarszawa : _bPaństwowe Wydawnictwo Naukowe, _c1961. |
||
| 300 |
_a364, [4] strony : _bilustracje ; _c25 cm. |
||
| 336 |
_aTekst _btxt _2rdacontent |
||
| 337 |
_aBez urządzenia pośredniczącego _bn _2rdamedia |
||
| 338 |
_aWolumin _bnc _2rdacarrier |
||
| 380 | _aKsiążki. | ||
| 658 | _aMatematyka | ||
| 655 | 4 | _aĆwiczenia i zadania dla szkół wyższych | |
| 650 | 4 | _aGeometria analityczna | |
| 700 | 1 |
_aModenov, Petr Sergeevič. _eAutor |
|
| 700 | 1 |
_aParhomenko, Aleksej Serapionovič _d(1909-1982) _eAutor |
|
| 700 | 1 |
_aMoszyńska, Maria _c(matematyk). _eTłumaczenie |
|
| 710 | 2 |
_aPaństwowe Wydawnictwo Naukowe _4pbl. |
|
| 856 |
_uhttp://koha.tu.koszalin.pl/cgi-bin/koha/opac-detail.pl?biblionumber=13461 _yKatalog online BPK |
||
| 942 |
_2UKD _cKS |
||
| 999 |
_c13461 _d13461 |
||